| 000 | 00892nam a2200253Ia 4500 | ||
|---|---|---|---|
| 003 | OSt | ||
| 005 | 20221005111516.0 | ||
| 006 | a|||||r|||| 00| 0 | ||
| 007 | ta | ||
| 008 | 221004b |||||||| |||| 00| 0 hin d | ||
| 020 |
_a9788126029907 (hbk) _cIndian Rupees 200 |
||
| 024 | _a41018 | ||
| 037 |
_bGift, 08/01/2019, _cTextual |
||
| 040 |
_aCRL _cCRL _bhin |
||
| 041 |
_2hin _ahin |
||
| 082 | _aO152,3M83x, Q0 | ||
| 100 | _aगुलेरी, पीयूष, संपा. | ||
| 245 | 0 | _aगुलेरी रचना - संचयन | |
| 246 | _aGulerī rachanā - sanchayana | ||
| 260 |
_aनई दिल्ली _bसाहित्य अकादेमी भारत _c2010 |
||
| 300 |
_a372पृ0 _ccm. |
||
| 942 |
_hO152,3M83x, Q0 _cTEXL _2cc |
||
| 999 |
_c1022050 _d1022050 |
||